In Pursuit of the Past: Collecting Old Art in Modern India circa 1900 - 1950/ (Record no. 208818)

MARC details
000 -LEADER
fixed length control field 00713nam a22002057a 4500
005 - DATE AND TIME OF LATEST TRANSACTION
control field 20250127165609.0
010 ## - LCCN (DPL NO)
LC control number ENG-143617
020 ## - INTERNATIONAL STANDARD BOOK NUMBER
International Standard Book Number 9789383243099
Terms of availability 2800.00
035 ## - SYSTEM CONTROL NUMBER
System control number EN-127149
037 ## - SOURCE OF ACQUISITION
Source of stock number/acquisition DBAD
082 ## - DEWEY DECIMAL CLASSIFICATION NUMBER
Classification number 954.084
100 ## - MAIN ENTRY--PERSONAL NAME
Personal name Pal, Pratapaditya
245 ## - TITLE STATEMENT
Title In Pursuit of the Past: Collecting Old Art in Modern India circa 1900 - 1950/
Statement of responsibility, etc by Pratapaditya Pal
260 ## - PUBLICATION, DISTRIBUTION, ETC. (IMPRINT)
Place of publication, distribution, etc Mumbai
Name of publisher, distributor, etc The Marg Foundation
Date of publication, distribution, etc 2015
270 ## - ADDRESS
Address Army & Navy Building, 3rd Floor, 148, M.G. Road,
City Mumbai
Postal code 400001
300 ## - PHYSICAL DESCRIPTION
Extent 179p. :
Dimensions 31cm(Hb)
Other physical details ill.(chiefly col.)
650 ## - SUBJECT ADDED ENTRY--TOPICAL TERM
Topical term or geographic name as entry element Sattriya (Dance)
650 ## - SUBJECT ADDED ENTRY--TOPICAL TERM
Topical term or geographic name as entry element Dance
Geographic subdivision India
-- Assam.
942 ## - ADDED ENTRY ELEMENTS (KOHA)
Source of classification or shelving scheme Dewey Decimal Classification
Item type English Books
Call number suffix PAL
Classification part 954.084
Holdings
Withdrawn status Lost status Not for loan Collection code Home library Current library Date acquired Source of acquisition Cost, normal purchase price Full call number Barcode Copy number Cost, replacement price Koha item type
    Not For Loan Non-fiction D.B.Act.Division D.B.Act.Division 27/01/2025 Delivery of Books Act Division 2800.00 PAL 954.084 EN-127149 1 2800.00 English Books

© Delhi Public Library
Hit Counter
free hit counter